[Event "Loire-ch op 0506"]
[Site "Loire"]
[Date "2006.02.11"]
[Round "3"]
[White "Goudet, Maxence"]
[Black "Veyrat, Gerard"]
[Result "1-0"]
[WhiteElo "1370"]
[BlackElo "1240"]
[PlyCount "77"]
[EventDate "2005.11.27"]
[EventType "swiss"]
[EventRounds "6"]
[EventCountry "FRA"]
[SourceTitle "EXT 2008"]
[Source "ChessBase"]
[SourceDate "2007.11.25"]
[SourceVersion "1"]
[SourceVersionDate "2007.11.25"]
[SourceQuality "1"]

1. e4 e5 2. Nf3 d6 3. Bc4 Nf6 4. Nc3 Nc6 5. d4 exd4 6. Nxd4 Na5 7. Bd3 Be6 8. Nxe6 fxe6 9. Bg5 Be7 10. 0-0 e5 11. f4 Qd7 12. f5 h6 13. Bxf6 Bxf6 14. Qh5+ Kd8 15. Qg6 c6 16. b4 Qc7 17. bxa5 Qxa5 18. Ne2 Qc7 19. Ng3 Rg8 20. Nh5 Qe7 21. Nxf6 Qxf6 22. Rad1 Kc7 23. Bc4 Rgf8 24. Qxf6 Rxf6 25. Be6 Rd8 26. c4 c5 27. Rf2 Rdf8 28. a4 g6 29. g4 a5 30. Rb1 b6 31. Rfb2 Rb8 32. Kg2 g5 33. Kg3 h5 34. gxh5 Rh6 35. Kg4 Rbh8 36. Rxb6 Rxh5 37. Rb7+ Kd8 38. Rd7+ Ke8 39. Rb8# 1-0

[Event "Loire-ch op 0405"]
[Site "Loire"]
[Date "2005.05.21"]
[Round "7"]
[White "Veyrat, Gerard"]
[Black "Trottet, Francois"]
[Result "0-1"]
[WhiteElo "1240"]
[BlackElo "1420"]
[PlyCount "87"]
[EventDate "2004.10.16"]
[EventType "swiss"]
[EventRounds "9"]
[EventCountry "FRA"]
[SourceTitle "EXT 2008"]
[Source "ChessBase"]
[SourceDate "2007.11.25"]
[SourceVersion "1"]
[SourceVersionDate "2007.11.25"]
[SourceQuality "1"]

1. c4 c5 2. d4 cxd4 3. Qxd4 Nc6 4. Qc3 e5 5. e4 Bb4 6. Qxb4 Nxb4 7. Na3 a6 8. Bd2 Nc6 9. Bd3 d6 10. Nf3 h6 11. 0-0 Bg4 12. Be2 Bxf3 13. Bxf3 Nd4 14. Bg4 h5 15. Bd1 Nf6 16. f3 0-0 17. Bg5 Ne6 18. Bh4 Nf4 19. Nc2 Qb6+ 20. Kh1 Qxb2 21. Bg3 Qc3 22. Bxf4 exf4 23. Rc1 Qe5 24. Be2 Rab8 25. Rcd1 b5 26. Nd4 Rfc8 27. cxb5 axb5 28. Nxb5 Rxb5 29. Bxb5 Qxb5 30. Rb1 Qe2 31. a4 Ra8 32. Rfe1 Qc4 33. a5 Rxa5 34. h3 Qe6 35. Red1 d5 36. exd5 Nxd5 37. Rd2 Ne3 38. Rb3 Kh7 39. Rb6 Qf5 40. Rb1 g5 41. Kh2 Rc5 42. Rg1 Rc2 43. Rxc2 Qxc2 44. Kh1 0-1

[Event "Loire-ch op 0405"]
[Site "Loire"]
[Date "2004.11.27"]
[Round "4"]
[White "Goudet, Maxence"]
[Black "Veyrat, Gerard"]
[Result "1/2-1/2"]
[WhiteElo "1520"]
[BlackElo "1220"]
[PlyCount "115"]
[EventDate "2004.10.16"]
[EventType "swiss"]
[EventRounds "9"]
[EventCountry "FRA"]
[SourceTitle "EXT 2008"]
[Source "ChessBase"]
[SourceDate "2007.11.25"]
[SourceVersion "1"]
[SourceVersionDate "2007.11.25"]
[SourceQuality "1"]

1. e4 e5 2. Nf3 Nc6 3. Bb5 Nge7 4. 0-0 d5 5. d3 Bd7 6. exd5 Nxd5 7. Bxc6 Bxc6 8. Nxe5 Bd6 9. Nxc6 bxc6 10. Qe2+ Be7 11. Bd2 0-0 12. Nc3 Re8 13. Nxd5 cxd5 14. Qg4 Bf6 15. Bc3 Qd6 16. Bxf6 Qxf6 17. c3 Rab8 18. Rab1 c6 19. Qd7 Ra8 20. Rfe1 Kf8 21. Rxe8+ Rxe8 22. Qxa7 Qe6 23. Qc5+ Kg8 24. h3 Qe2 25. Qxc6 Rf8 26. Qxd5 Qc2 27. Re1 Qxb2 28. Qb3 Qd2 29. Ra1 Qxd3 30. a4 h6 31. a5 Ra8 32. Qa3 Rc8 33. Rc1 Qd2 34. a6 Ra8 35. a7 Rxa7 36. Qxa7 Qxc1+ 37. Kh2 Qxc3 38. Qb8+ Kh7 39. Qf4 f6 40. Qf5+ Kg8 41. Qg6 Qe1 42. Qf5 Kf7 43. Qh5+ Kg8 44. f3 Qe5+ 45. Qxe5 fxe5 46. Kg3 Kf7 47. f4 e4 48. f5 Kf6 49. Kf4 e3 50. Kxe3 Kxf5 51. g4+ Kg5 52. Kf3 Kh4 53. Kg2 g5 54. Kh2 h5 55. gxh5 Kxh5 56. Kg3 Kg6 57. Kg4 Kh6 58. Kg3 1/2-1/2

[Event "Loire-ch op 0405"]
[Site "Loire"]
[Date "2004.10.16"]
[Round "1"]
[White "Veyrat, Gerard"]
[Black "Geraci, Georges"]
[Result "1-0"]
[WhiteElo "1220"]
[BlackElo "1499"]
[PlyCount "71"]
[EventDate "2004.10.16"]
[EventType "swiss"]
[EventRounds "9"]
[EventCountry "FRA"]
[SourceTitle "EXT 2008"]
[Source "ChessBase"]
[SourceDate "2007.11.25"]
[SourceVersion "1"]
[SourceVersionDate "2007.11.25"]
[SourceQuality "1"]

1. d4 b5 2. a3 d5 3. e3 Nc6 4. Bxb5 Bb7 5. Nc3 g6 6. Qf3 Nf6 7. Nge2 Bg7 8. e4 0-0 9. exd5 Na5 10. b4 a6 11. Bd3 Rb8 12. Nf4 e6 13. 0-0 c6 14. dxe6 Kh8 15. Re1 c5 16. d5 Ne8 17. e7 Qd6 18. exf8Q+ Qxf8 19. bxa5 Bxc3 20. Be3 Bxa1 21. Rxa1 Nf6 22. c4 Qd6 23. Rb1 Qd7 24. Bxc5 Qe8 25. Bd4 Kg8 26. Bxf6 Qa4 27. Be5 Re8 28. Qe3 Rb8 29. Bxb8 Qxa3 30. Be5 Qe7 31. d6 Qg5 32. Rxb7 f6 33. Rb8+ Kg7 34. Ne6+ Kh6 35. Nxg5 fxg5 36. Qh3# 1-0

[Event "Loire-ch op"]
[Site "Loire"]
[Date "2004.05.15"]
[Round "8"]
[White "Veyrat, Gerard"]
[Black "Carrot, Axel"]
[Result "1-0"]
[WhiteElo "1210"]
[BlackElo "1350"]
[PlyCount "53"]
[EventDate "2004.01.10"]
[EventType "swiss"]
[EventRounds "9"]
[EventCountry "FRA"]
[SourceTitle "EXT 2008"]
[Source "ChessBase"]
[SourceDate "2007.11.25"]
[SourceVersion "1"]
[SourceVersionDate "2007.11.25"]
[SourceQuality "1"]

1. d4 d5 2. c4 dxc4 3. Nc3 Nc6 4. Nf3 Bg4 5. d5 Nb4 6. Qa4+ Nc6 7. dxc6 bxc6 8. Qxc6+ Qd7 9. Qxa8+ Qc8 10. Qxc8+ Bxc8 11. e3 e6 12. Bxc4 Bb4 13. Bd2 Bxc3 14. Bxc3 Nf6 15. Bxf6 gxf6 16. 0-0 Rg8 17. g3 Bb7 18. Be2 Bxf3 19. Bxf3 e5 20. Rfd1 f5 21. e4 fxe4 22. Bxe4 h6 23. Rd5 f6 24. Rad1 Ke7 25. Rd7+ Kf8 26. Rxc7 Rg7 27. Rd8# 1-0

[Event "Loire-ch op"]
[Site "Loire"]
[Date "2004.03.06"]
[Round "4"]
[White "Veyrat, Gerard"]
[Black "Bonnevialle, Benjamin"]
[Result "0-1"]
[WhiteElo "1210"]
[BlackElo "1299"]
[PlyCount "72"]
[EventDate "2004.01.10"]
[EventType "swiss"]
[EventRounds "9"]
[EventCountry "FRA"]
[SourceTitle "EXT 2008"]
[Source "ChessBase"]
[SourceDate "2007.11.25"]
[SourceVersion "1"]
[SourceVersionDate "2007.11.25"]
[SourceQuality "1"]

1. d4 d5 2. c4 dxc4 3. Nc3 Nf6 4. e3 Nc6 5. Bxc4 g6 6. d5 Na5 7. Bb5+ Bd7 8. Qa4 b6 9. Bc6 Rb8 10. Nb5 Bxc6 11. dxc6 Ra8 12. Nf3 Nxc6 13. Nbd4 Nd7 14. Nxc6 Qc8 15. Nxa7 Qb7 16. Qb5 Rxa7 17. 0-0 Bg7 18. Rd1 Qc8 19. a3 0-0 20. Qxd7 Qa6 21. Nd4 c5 22. Nc6 Rxd7 23. Rxd7 Qa4 24. Bd2 Qxc6 25. Rd3 Bxb2 26. Rd1 c4 27. Rc1 Bxc1 28. Rd4 Bxd2 29. Rxd2 Qc7 30. g3 Rd8 31. Rc2 Rd1+ 32. Kg2 Qc6+ 33. f3 c3 34. Kf2 Rd2+ 35. Rxd2 cxd2 36. Ke2 Qc1 0-1